| 000 | 00478nam a2200181 a 4500 | ||
|---|---|---|---|
| 005 | 20240911064756.0 | ||
| 008 | 991125s1975 mx 000 0 spa u | ||
| 035 | _aUPN01000012309 | ||
| 049 | _aCG | ||
| 050 | 4 |
_aHX710 G6 _bM3.2 |
|
| 100 | 1 |
_aMarx, Karl, _d1818-1883 |
|
| 245 | 1 | 0 |
_aCrĂtica del programa de Gotha / _cMarx. |
| 260 |
_aMoscĂș : _bProgreso, _c1975. |
||
| 300 | _a55 p. | ||
| 650 | 4 |
_aSOCIALISMO - _zALEMANIA _913782 |
|
| 650 | 4 |
_aComunismo _96792 |
|
| 905 | _aLibro | ||
| 999 |
_c12309 _d12309 |
||